| 000 | 00514cas a22001935a 4500 | ||
|---|---|---|---|
| 001 | L138081 | ||
| 008 | 070515c20012001xxkux p 0 a0eng u | ||
| 035 | _a(Sirsi) u138081 | ||
| 041 | 0 | _aeng | |
| 110 | 2 |
_aRoyal Institution of Chartered Surveyors _bMiddlesex and Urban Essex Branch _95196 |
|
| 245 | 0 | 0 | _aOutside Edge |
| 260 |
_aLondon _bRICS $[ 199?]-2001 |
||
| 362 | 0 | _a(8) March 1998-(23) May 2001 | |
| 554 | _aUnknown | ||
| 651 | 4 | _aESSEX | |
| 651 | 4 | _aMIDDLESEX | |
| 780 | 0 | 0 | _tBranch News |
| 942 | _n0 | ||
| 999 |
_c118952 _d118952 |
||